| 000 | 00734cam a2200229 a 4500 | ||
|---|---|---|---|
| 001 | 20431 | ||
| 003 | BD-RjUL | ||
| 005 | 20211209000550.0 | ||
| 008 | 140301s1936 enk 000 0 eng d | ||
| 035 |
_aCURL **020000355909**(Edi) from nsc248 _a(BD-RjUL)20493 |
||
| 040 |
_aBD-RjUL _beng _cBD-RjUL _dBD-RjUL |
||
| 041 | _aeng | ||
| 082 |
_a822.91 _bAUA 1936 |
||
| 100 | 1 |
_aAuden, W. H. _q(Wystan Hugh), _d1907-1973. _93365 |
|
| 245 | 1 | 4 |
_aThe ascent of F6 : _ba tragedy in two acts / _c W.H. Auden and Christopher Isherwood |
| 260 |
_aLondon : _bFaber & Faber, _c1936 |
||
| 300 |
_a123 p : _c22 cm |
||
| 650 |
_a Teatro Ingles _963009 |
||
| 700 | 1 |
_aIsherwood, Christopher, _d1904-1986. _955528 |
|
| 942 |
_2ddc _cBK |
||
| 999 |
_c20431 _d20431 |
||